<?xml version="1.0" encoding="UTF-8"?>
<record
    xmlns:xsi="http://www.w3.org/2001/XMLSchema-instance"
    xsi:schemaLocation="http://www.loc.gov/MARC21/slim http://www.loc.gov/standards/marcxml/schema/MARC21slim.xsd"
    xmlns="http://www.loc.gov/MARC21/slim">

  <leader>02003nam0a2200385   4500</leader>
  <controlfield tag="001">RU\NLR\bibl\1225485</controlfield>
  <controlfield tag="005">20260405053428.0</controlfield>
  <datafield tag="010" ind1=" " ind2=" ">
    <subfield code="a">5-88811-179-1</subfield>
    <subfield code="9">500</subfield>
  </datafield>
  <datafield tag="021" ind1=" " ind2=" ">
    <subfield code="a">RU</subfield>
    <subfield code="b">2008-20683</subfield>
    <subfield code="9">1133</subfield>
  </datafield>
  <datafield tag="035" ind1=" " ind2=" ">
    <subfield code="a">(NLR Aleph) 001211799</subfield>
  </datafield>
  <datafield tag="090" ind1=" " ind2=" ">
    <subfield code="a">82944</subfield>
    <subfield code="c">82944</subfield>
  </datafield>
  <datafield tag="100" ind1=" " ind2=" ">
    <subfield code="a">20080513d2007    |||y0rusy50      ca</subfield>
  </datafield>
  <datafield tag="101" ind1="0" ind2=" ">
    <subfield code="a">rus</subfield>
    <subfield code="a">eng</subfield>
  </datafield>
  <datafield tag="102" ind1=" " ind2=" ">
    <subfield code="a">RU</subfield>
  </datafield>
  <datafield tag="105" ind1=" " ind2=" ">
    <subfield code="a">y   |||||||||</subfield>
  </datafield>
  <datafield tag="200" ind1="1" ind2=" ">
    <subfield code="a">&#x41E;&#x440;&#x433;&#x430;&#x43D;&#x438;&#x437;&#x430;&#x446;&#x438;&#x44F; &#x438;&#x43D;&#x442;&#x435;&#x433;&#x440;&#x438;&#x440;&#x43E;&#x432;&#x430;&#x43D;&#x43D;&#x44B;&#x445; &#x432;&#x43D;&#x435;&#x43A;&#x43B;&#x430;&#x441;&#x441;&#x43D;&#x44B;&#x445; &#x437;&#x430;&#x43D;&#x44F;&#x442;&#x438;&#x439; &#x43F;&#x43E; &#x43B;&#x438;&#x442;&#x435;&#x440;&#x430;&#x442;&#x443;&#x440;&#x435; &#x438; &#x438;&#x43D;&#x43E;&#x441;&#x442;&#x440;&#x430;&#x43D;&#x43D;&#x43E;&#x43C;&#x443; &#x44F;&#x437;&#x44B;&#x43A;&#x443; &#x432; &#x448;&#x43A;&#x43E;&#x43B;&#x435;</subfield>
    <subfield code="e">(&#x43D;&#x430; &#x43F;&#x440;&#x438;&#x43C;&#x435;&#x440;&#x435; &#x438;&#x437;&#x443;&#x447;&#x435;&#x43D;&#x438;&#x44F; &#x442;&#x432;&#x43E;&#x440;&#x447;&#x435;&#x441;&#x442;&#x432;&#x430; &#x423;.&#x411;. &#x419;&#x435;&#x439;&#x442;&#x441;&#x430;)</subfield>
    <subfield code="e">&#x443;&#x447;&#x435;&#x431;&#x43D;&#x43E;-&#x43C;&#x435;&#x442;&#x43E;&#x434;&#x438;&#x447;&#x435;&#x441;&#x43A;&#x43E;&#x435; &#x43F;&#x43E;&#x441;&#x43E;&#x431;&#x438;&#x435;</subfield>
    <subfield code="f">&#x420;.&#x412;. &#x42F;&#x43A;&#x438;&#x43C;&#x435;&#x43D;&#x43A;&#x43E;, &#x410;.&#x412;. &#x41B;&#x443;&#x43A;&#x430;&#x448;&#x435;&#x43D;&#x43A;&#x43E;</subfield>
  </datafield>
  <datafield tag="210" ind1=" " ind2=" ">
    <subfield code="a">&#x42E;&#x436;&#x43D;&#x43E;-&#x421;&#x430;&#x445;&#x430;&#x43B;&#x438;&#x43D;&#x441;&#x43A;</subfield>
    <subfield code="c">&#x421;&#x430;&#x445;&#x430;&#x43B;&#x438;&#x43D;&#x441;&#x43A;&#x438;&#x439; &#x433;&#x43E;&#x441;&#x443;&#x434;&#x430;&#x440;&#x441;&#x442;&#x432;&#x435;&#x43D;&#x43D;&#x44B;&#x439; &#x443;&#x43D;&#x438;&#x432;&#x435;&#x440;&#x441;&#x438;&#x442;&#x435;&#x442;</subfield>
    <subfield code="d">2007</subfield>
  </datafield>
  <datafield tag="215" ind1=" " ind2=" ">
    <subfield code="a">63 &#x441;.</subfield>
    <subfield code="d">21</subfield>
  </datafield>
  <datafield tag="300" ind1=" " ind2=" ">
    <subfield code="a">&#x427;&#x430;&#x441;&#x442;&#x44C; &#x442;&#x435;&#x43A;&#x441;&#x442;&#x430; &#x43D;&#x430; &#x430;&#x43D;&#x433;&#x43B;. &#x44F;&#x437;.</subfield>
  </datafield>
  <datafield tag="320" ind1=" " ind2=" ">
    <subfield code="a">&#x411;&#x438;&#x431;&#x43B;&#x438;&#x43E;&#x433;&#x440;.: &#x441;. 50-56 (101 &#x43D;&#x430;&#x437;&#x432;.)</subfield>
  </datafield>
  <datafield tag="600" ind1=" " ind2="1">
    <subfield code="a">&#x419;&#x435;&#x439;&#x442;&#x441;</subfield>
    <subfield code="b">&#x423;.&#x411;.</subfield>
    <subfield code="f">1865 - 1939</subfield>
    <subfield code="g">&#x423;&#x438;&#x43B;&#x44C;&#x44F;&#x43C; &#x411;&#x430;&#x442;&#x43B;&#x435;&#x440;</subfield>
    <subfield code="x">&#x418;&#x437;&#x443;&#x447;&#x435;&#x43D;&#x438;&#x435; &#x432; &#x448;&#x43A;&#x43E;&#x43B;&#x435;</subfield>
    <subfield code="9">2521862</subfield>
    <subfield code="3">RU\NLR\auth\661494326</subfield>
  </datafield>
  <datafield tag="606" ind1="1" ind2=" ">
    <subfield code="a">&#x418;&#x43D;&#x43E;&#x441;&#x442;&#x440;&#x430;&#x43D;&#x43D;&#x44B;&#x435; &#x44F;&#x437;&#x44B;&#x43A;&#x438;</subfield>
    <subfield code="x">&#x412;&#x43D;&#x435;&#x43A;&#x43B;&#x430;&#x441;&#x441;&#x43D;&#x430;&#x44F; &#x440;&#x430;&#x431;&#x43E;&#x442;&#x430;</subfield>
    <subfield code="x">&#x421;&#x440;&#x435;&#x434;&#x43D;&#x44F;&#x44F; &#x448;&#x43A;&#x43E;&#x43B;&#x430;</subfield>
    <subfield code="9">2521852</subfield>
    <subfield code="3">RU\NLR\auth\661494321</subfield>
  </datafield>
  <datafield tag="606" ind1="1" ind2=" ">
    <subfield code="a">&#x418;&#x43D;&#x43E;&#x441;&#x442;&#x440;&#x430;&#x43D;&#x43D;&#x44B;&#x435; &#x44F;&#x437;&#x44B;&#x43A;&#x438;</subfield>
    <subfield code="x">&#x41F;&#x440;&#x435;&#x43F;&#x43E;&#x434;&#x430;&#x432;&#x430;&#x43D;&#x438;&#x435;</subfield>
    <subfield code="x">&#x421;&#x432;&#x44F;&#x437;&#x44C; &#x441; &#x43B;&#x438;&#x442;&#x435;&#x440;&#x430;&#x442;&#x443;&#x440;&#x43E;&#x439;</subfield>
    <subfield code="9">2521858</subfield>
    <subfield code="3">RU\NLR\auth\661494324</subfield>
  </datafield>
  <datafield tag="686" ind1=" " ind2=" ">
    <subfield code="a">&#x427;426.17-38</subfield>
  </datafield>
  <datafield tag="686" ind1=" " ind2=" ">
    <subfield code="a">&#x427;426.17-211.5</subfield>
  </datafield>
  <datafield tag="686" ind1=" " ind2=" ">
    <subfield code="a">&#x427;426.21(2)33-8&#x419;&#x435;&#x439;&#x442;&#x441;</subfield>
  </datafield>
  <datafield tag="700" ind1=" " ind2="1">
    <subfield code="a">&#x42F;&#x43A;&#x442;&#x43C;&#x435;&#x43D;&#x43A;&#x43E;</subfield>
    <subfield code="b">&#x420;. &#x412;.</subfield>
    <subfield code="g">&#x420;&#x443;&#x441;&#x43B;&#x430;&#x43D; &#x412;&#x438;&#x442;&#x430;&#x43B;&#x44C;&#x435;&#x432;&#x438;&#x447;</subfield>
    <subfield code="4">070</subfield>
  </datafield>
  <datafield tag="701" ind1=" " ind2="1">
    <subfield code="a">&#x41B;&#x443;&#x43A;&#x430;&#x448;&#x435;&#x43D;&#x43A;&#x43E;</subfield>
    <subfield code="b">&#x410;. &#x412;.</subfield>
    <subfield code="g">&#x410;&#x43B;&#x435;&#x43A;&#x441;&#x430;&#x43D;&#x434;&#x440;&#x430; &#x412;&#x438;&#x43A;&#x442;&#x43E;&#x440;&#x43E;&#x432;&#x43D;&#x430;</subfield>
    <subfield code="4">070</subfield>
  </datafield>
  <datafield tag="702" ind1=" " ind2="1">
    <subfield code="4">570</subfield>
    <subfield code="8">rus</subfield>
    <subfield code="7">ca</subfield>
    <subfield code="a">&#x419;&#x435;&#x439;&#x442;&#x441;</subfield>
    <subfield code="b">&#x423;. &#x411;.</subfield>
    <subfield code="f">1865-1939</subfield>
    <subfield code="g">&#x423;&#x438;&#x43B;&#x44C;&#x44F;&#x43C; &#x411;&#x430;&#x442;&#x43B;&#x435;&#x440;</subfield>
    <subfield code="3">RU\NLR\auth\7717268</subfield>
    <subfield code="9">357</subfield>
  </datafield>
  <datafield tag="801" ind1=" " ind2="0">
    <subfield code="a">RU</subfield>
    <subfield code="b">NLR</subfield>
    <subfield code="c">20080513</subfield>
    <subfield code="g">RCR</subfield>
  </datafield>
  <datafield tag="801" ind1=" " ind2="1">
    <subfield code="a">RU</subfield>
    <subfield code="b">NLR</subfield>
    <subfield code="c">20080513</subfield>
  </datafield>
  <datafield tag="830" ind1=" " ind2=" ">
    <subfield code="a">&#x410;&#x432;&#x442;. &#x43F;&#x43E; &#x43A;&#x43D;.</subfield>
  </datafield>
  <datafield tag="942" ind1=" " ind2=" ">
    <subfield code="c">BOOK</subfield>
  </datafield>
  <datafield tag="980" ind1=" " ind2=" ">
    <subfield code="a">NB</subfield>
  </datafield>
  <datafield tag="995" ind1=" " ind2=" ">
    <subfield code="5">2008-05-13</subfield>
    <subfield code="a">ad</subfield>
    <subfield code="b">NLR01</subfield>
    <subfield code="c">NLR01</subfield>
    <subfield code="e">RF9</subfield>
    <subfield code="f">1-2117577</subfield>
    <subfield code="k">2008-4/8870</subfield>
    <subfield code="o">0</subfield>
    <subfield code="r">BOOK</subfield>
    <subfield code="s">200848870_</subfield>
  </datafield>
  <datafield tag="995" ind1=" " ind2=" ">
    <subfield code="5">2008-05-13</subfield>
    <subfield code="a">ad</subfield>
    <subfield code="b">NLR01</subfield>
    <subfield code="c">NLR01</subfield>
    <subfield code="e">RF9</subfield>
    <subfield code="f">2670196</subfield>
    <subfield code="k">2008-4/8870</subfield>
    <subfield code="o">0</subfield>
    <subfield code="r">BOOK</subfield>
    <subfield code="s">200848870_</subfield>
  </datafield>
</record>
